000 00650nam a2200205Ia 4500
001 19783
003 GE_BSU
008 181216s||||||||xx |||||||||||||| ||und||
040 _cGE_BSU
245 _aСоциально-гуманитарные знания. 2016. №6
245 _bНаучно-образовательное издание
245 _cГл.ред.Аванесова Г.А.
260 _aМосква
260 _c2016
300 _a367стр. 20см.
653 _aПериодика
653 _aСоциально-гуманитарные знания. 2016. №6
653 _aპერიოდიკა
942 _cCR
999 _c52756
_d52756